00699 2200241 4500001002100000005001500021035002000036245008600056100003200142250001100174300003400185700003800219700002900257264003100286336002100317337002000338338002300358082001000381084001600391020001800407600001900425990001300444INLIS00000000000193720240812114011 a0010-08240000311 aPendidikan Karakter :bStrategi Mendidik Anak di Zaman Global /cDoni Koesoema A.0 aDoni Koesoema A.ePengarang aCet. 4 aviii, 337 halaman ;c25x15 cm0 aA. Ariobimo NusantaraePenyunting0 aDiane NovitaePenyunting aJakarta :bGramedia,c2023 2rdacontentaTeks 2rdamediaacetak 2rdacarrierakertas a155.4 a155.4 DON p a9786023753253 4aPsikologi anak a24000040